000
00308nam a22001457a 4500
008
211018b ||||| |||| 00| 0 eng d
020
_a
9781403977434
041
_a
eng
080
_a
371
082
_a
371
100
_a
46
101
_a
EDU
245
_a
Write to the Top
_c
Johnson,W.B
942
_2
udc
_c
BK
999
_c
58236
_d
58236